| 000 | 01508nas a2200469 i 4500 | ||
|---|---|---|---|
| 001 | 196115 | ||
| 003 | ES-MaACL | ||
| 005 | 20250824012602.0 | ||
| 006 | m g d | | ||
| 007 | cr*||||||||||| | ||
| 008 | 240813c20189999sp ar pso 0 b0spa | ||
| 010 |
_an _b0 |
||
| 022 | 0 |
_a2990-3629 _2_u |
|
| 035 | _a(SpMaBN)a7316147 | ||
| 035 | _a991050283199708606 | ||
| 040 |
_aSpMaBN _bspa _cSpMaBN _erdc |
||
| 080 | _a792 | ||
| 080 | _a792.8 | ||
| 130 | 0 |
_aMasescena (Sonseca. Internet) _9238333 |
|
| 222 | 0 |
_aMasescena _bInternet |
|
| 245 | 1 | 0 |
_aMasescena : _bteatro, danza, circo : anuario |
| 246 | _aMas escena | ||
| 260 |
_aSonseca, Toledo : _bAsociación Torre Tolanca, _c2019- |
||
| 310 |
_atrimestral _bjun. 2023- |
||
| 321 |
_aAnual _b2018-2021 |
||
| 336 |
_aTexto (visual) _2isbdcontent |
||
| 337 |
_aelectrónico _2isbdmedia |
||
| 338 |
_2rdacarrier _avolumen |
||
| 362 | 0 | _a2018- | |
| 500 | _aÚltima consulta, 13 de agosto de 2024. | ||
| 594 | _aTítulo tomado de la cubierta del pdf (consultado el 13 de agosto de 2024) | ||
| 650 | 7 |
_aTeatro _2embne _917290 |
|
| 650 | 7 |
_aDanza _9135869 |
|
| 655 | 0 |
_aPáginas Web _9226719 |
|
| 655 | 0 |
_aRevistas electrónicas _9226718 |
|
| 710 |
_aAsociación Torre Tolanca _9238322 |
||
| 776 | 0 | 8 |
_iVersión en impresa _tMasescena = _xISSN 2990-3610 _0196113 _w196113 |
| 856 | 4 | 0 |
_uhttps://www.masescena.es/ _yAcceso electrónico |
| 942 |
_2udc _n0 _cREV_E |
||
| 955 | _bPilar Fernández Vera | ||
| 999 |
_c196115 _d196115 |
||